000 00234nam a2200097Ia 4500
001 712255
005 20250826162824.0
008 250824s9999 xx 000 0 und d
245 0 _aDAHA DÜN
_cSELİM İLERİ
260 _bEVEREST YAYINLARI
999 _c712255
_d712255